15_新潟県の市町村(ひらがな対応・五十音順) - Statistics

General Stats
  • This quiz has been taken 48 times
  • The average score is 25 of 30
Answer Stats
種類 市町村名 % Correct
上越市
100%
長岡市
100%
新潟市
100%
阿賀野市
97%
阿賀町
97%
魚沼市
97%
柏崎市
97%
糸魚川市
94%
三条市
94%
新発田市
94%
燕市
94%
南魚沼市
94%
村上市
94%
胎内市
91%
妙高市
88%
佐渡市
84%
湯沢町
84%
小千谷市
81%
刈羽村
81%
十日町市
81%
見附市
81%
加茂市
78%
五泉市
78%
粟島浦村
72%
聖籠町
72%
出雲崎町
69%
津南町
69%
弥彦村
66%
関川村
59%
田上町
53%
No matching quizzes found
Score Distribution
Percent of People with Each Score
Percentile by Number Answered
Your Score History
You have not taken this quiz